Úvahy o metodách řízení zásob v dodavatelském řetězci

Problematika metód riadenia zásob v dodávateľskom reťazci. Dôsledky nezávislého riadenia zásob a reťazcový efekt. Nevyhnutnosť informačného prepojenia a integrovaného riadenia článkov reťaze. Bod rozpojenia materiálového toku v reťazci. Spôsoby riadenia zásob v oblasti závislej potreby (stupňovité p...

Descripción completa

Guardado en:
Detalles Bibliográficos
Autor principal: Kubát, Jiří
Formato: Capítulo de libro
Lenguaje:checo
Materias:
Etiquetas: Agregar Etiqueta
Sin Etiquetas, Sea el primero en etiquetar este registro!

MARC

LEADER 00000naa a2200000 4500
001 r045759
005 20231003123535.1
041 0 |a cze 
044 |a CZ 
245 1 0 |a Úvahy o metodách řízení zásob v dodavatelském řetězci  |c Jiří Kubát 
520 |a Problematika metód riadenia zásob v dodávateľskom reťazci. Dôsledky nezávislého riadenia zásob a reťazcový efekt. Nevyhnutnosť informačného prepojenia a integrovaného riadenia článkov reťaze. Bod rozpojenia materiálového toku v reťazci. Spôsoby riadenia zásob v oblasti závislej potreby (stupňovité plánovanie, JIT, kanban). 
610 2 0 |a riadenie zásob 
610 2 0 |a metódy riadenia 
610 2 0 |a zásobovanie 
610 2 0 |a reťazce logistické 
610 2 0 |a tok materiálu 
610 2 0 |a plánovanie zásob 
610 2 0 |a kanban 
100 1 |a Kubát, Jiří